<?xml version="1.0" encoding="UTF-8"?><?xml-stylesheet type="text/xsl" href="static/style.xsl"?><OAI-PMH xmlns="http://www.openarchives.org/OAI/2.0/" xmlns:xsi="http://www.w3.org/2001/XMLSchema-instance" xsi:schemaLocation="http://www.openarchives.org/OAI/2.0/ http://www.openarchives.org/OAI/2.0/OAI-PMH.xsd"><responseDate>2026-04-18T21:52:36Z</responseDate><request verb="GetRecord" identifier="oai:recam.amb.cat:20.500.14439/1537" metadataPrefix="marc">https://recam.amb.cat/rest/oai/request</request><GetRecord><record><header><identifier>oai:recam.amb.cat:20.500.14439/1537</identifier><datestamp>2025-04-14T07:27:44Z</datestamp><setSpec>com_20.500.14439_127</setSpec><setSpec>col_20.500.14439_145</setSpec></header><metadata><record xmlns="http://www.loc.gov/MARC21/slim" xmlns:dcterms="http://purl.org/dc/terms/" xmlns:xsi="http://www.w3.org/2001/XMLSchema-instance" xmlns:doc="http://www.lyncode.com/xoai" xsi:schemaLocation="http://www.loc.gov/MARC21/slim http://www.loc.gov/standards/marcxml/schema/MARC21slim.xsd">
   <leader>00925njm 22002777a 4500</leader>
   <datafield ind2=" " ind1=" " tag="042">
      <subfield code="a">dc</subfield>
   </datafield>
   <datafield ind2=" " ind1=" " tag="720">
      <subfield code="a">Carro Lemos, Daniel</subfield>
      <subfield code="e">author</subfield>
   </datafield>
   <datafield ind2=" " ind1=" " tag="720">
      <subfield code="a">Pinto, Angélica</subfield>
      <subfield code="e">author</subfield>
   </datafield>
   <datafield ind2=" " ind1=" " tag="720">
      <subfield code="a">Portabella, Onditz</subfield>
      <subfield code="e">author</subfield>
   </datafield>
   <datafield ind2=" " ind1=" " tag="260">
      <subfield code="c">2008-09-01</subfield>
   </datafield>
   <datafield ind2=" " ind1=" " tag="520">
      <subfield code="a">A partir d'un treball anterior, es va voler comprovar si donant informació i aconsellant sobre alguns hàbits de compra és possible reduir els residus que es generen a les llars. La recerca amb 40 famílies (20 de l'entorn de Barcelona i 20 de Sant Boi de Llobregat) ha permès constatar que es poden reduir al voltant del 15 % dels residus. Aquestes dades confirmen recerques anteriors fetes a Catalunya i a Donostia. Com a resultat important, destaquem també que cap de les famílies va arribar a generar ni el 50 % de la mitjana metropolitana que queda al voltant d'1,5 Kg/hab./dia. La recerca també ens orienta sobre les fraccions més importants de cara a poder reduir efectivament els residus. El treball és una col·laboració de diversos actors socials. Es va coordinar des del departament de Psicologia Social de la Universitat de Barcelona.</subfield>
   </datafield>
   <datafield ind1="8" ind2=" " tag="024">
      <subfield code="a">https://hdl.handle.net/20.500.14439/1537</subfield>
   </datafield>
   <datafield ind1="8" ind2=" " tag="024">
      <subfield code="a">422613</subfield>
   </datafield>
   <datafield tag="653" ind2=" " ind1=" ">
      <subfield code="a">Residus</subfield>
   </datafield>
   <datafield tag="653" ind2=" " ind1=" ">
      <subfield code="a">Llars</subfield>
   </datafield>
   <datafield ind2="0" ind1="0" tag="245">
      <subfield code="a">Una recerca de prevenció: Resum</subfield>
   </datafield>
</record></metadata></record></GetRecord></OAI-PMH>